000 00807nam a22002057a 4500
005 2010080905245.0
010 _aENG-99021
020 _a8189835076
_c120.00
020 _a9788189835071
_c120.00
035 _aEN-82553
037 _bDBAD/PUB
082 _a230.37
100 _aSushil Kumarji Maharaj
_99779
245 _aSong of the soul :
_ban introduction to the Namokar Mantra and science of sound /
_cBy Sushil Kumarji Maharaj
260 _aNew Delhi
_bAcharya Sushil Ashram
_c2007
270 _aC-599, Chetna Marg Defence Colony
_bNew Delhi
_e110024
300 _a94p. :
_bill.
_c21cm (pbk)
942 _2ddc
_cEN
_h230.37
_mSUS
999 _c40220
_d40220